00453nam a2200133 a 4500008004100000020001800041050001600059100001800075245009600093260004900189300001900238350001000257650005200267200804s2018 ||||||||||||||||| || u a9781108417075 aJZ 1405 Hol aHolmes,Marcus10aFace-to-face diplomacy: social neuroscience and international relations cBy Marcus Holmes  aCambridge bCambridge University Pressc2018 axii, 303 pages a94.62 aINTERNATIONAL RELATIONS-- PSYCHOLOGICAL ASPECTS